| 000 | 00684nam a2200205Ia 4500 | ||
|---|---|---|---|
| 003 | GCL | ||
| 008 | 140319s9999 xx 000 0 ara d | ||
| 040 |
_aGCL / _cGCL |
||
| 082 | 0 | 4 |
_a001.6425 _bر ا |
| 100 | 1 | _aراتب احمد قبيعة | |
| 245 | 1 | 0 |
_aاختيار ملحقات ؟ / _cراتب احمد قبيعة |
| 700 | 1 | _aجورج مدبك | |
| 260 |
_aبيروت : _bدار الراتب الجامعية ، _c1985 |
||
| 300 |
_a62 ص ؛ _c24 سم |
||
| 490 |
_aفن التجهيز الالكترونى للمكاتب والافراد _v3 |
||
| 650 | 0 | 4 | _aالحاسبات الالكترونية |
| 650 | 0 | 4 | _aالبرمجة |
| 650 | 0 | 4 | _aالنظم |
| 942 |
_2ddc _cBK |
||
| 999 |
_c36404 _d36404 |
||